[Event "Lisbon Portugal rapid op"]
[Site "Lisbon"]
[Date "2017.02.11"]
[Round "8"]
[White "Ozer, Omer Faruk"]
[Black "Alvarez Marquez, Johan"]
[Result "1-0"]
[WhiteElo "2344"]
[BlackElo "2398"]
[PlyCount "61"]
[EventDate "2017.02.11"]
[EventType "swiss (rapid)"]
[EventRounds "8"]
[EventCountry "POR"]
[SourceTitle "CBM 176 Extra"]
[Source "ChessBase"]
[SourceDate "2017.03.02"]
[SourceVersion "1"]
[SourceVersionDate "2017.03.02"]
[SourceQuality "1"]

1. e4 c5 2. Nf3 d6 3. d4 cxd4 4. Nxd4 Nf6 5. Nc3 a6 6. Bg5 e6 7. Qe2 Nbd7 8. 0-0-0 Qc7 9. f4 Be7 10. g4 b5 11. Bg2 Bb7 12. e5 dxe5 13. fxe5 Nd5 14. Bxe7 Nxe7 15. Ndxb5 axb5 16. Nxb5 Qb6 17. Bxb7 Rxa2 18. c3 Nd5 19. Bxd5 exd5 20. Kb1 Qa5 21. e6 Nf6 22. Nd6+ Ke7 23. Nf5+ Kd8 24. e7+ Kd7 25. Qc4 Ra8 26. Rhe1 Ra1+ 27. Kc2 Rxd1 28. Rxd1 g6 29. g5 gxf5 30. gxf6 Ke6 31. Qc6+ 1-0

[Event "Lisbon Portugal op"]
[Site "Lisbon"]
[Date "2017.02.09"]
[Round "8"]
[White "Martin Duque, Jesus"]
[Black "Alvarez Marquez, Johan"]
[Result "1-0"]
[WhiteElo "2312"]
[BlackElo "2398"]
[PlyCount "61"]
[EventDate "2017.02.04"]
[EventType "swiss"]
[EventRounds "9"]
[EventCountry "POR"]
[SourceTitle "CBM 176 Extra"]
[Source "ChessBase"]
[SourceDate "2017.03.02"]
[SourceVersion "1"]
[SourceVersionDate "2017.03.02"]
[SourceQuality "1"]

1. e4 c5 2. Nf3 Nc6 3. d4 cxd4 4. Nxd4 Nf6 5. Nc3 d6 6. Bg5 Bd7 7. Qd2 Rc8 8. 0-0-0 Nxd4 9. Qxd4 Qa5 10. Bd2 Qc5 11. Qxc5 dxc5 12. f3 g6 13. Be3 Nh5 14. Bc4 e6 15. g4 Ng7 16. Rxd7 Kxd7 17. Rd1+ Ke7 18. Bb5 Rc7 19. Bf4 Rc6 20. Bxc6 bxc6 21. e5 Ne8 22. Ne4 Bg7 23. Nxc5 Kf8 24. Rd7 g5 25. Bxg5 Bxe5 26. Bh6+ Bg7 27. Bxg7+ Nxg7 28. Rxa7 Ne8 29. Nd7+ Ke7 30. Ne5+ Kf6 31. f4 1-0

[Event "Seville op 42nd"]
[Site "Seville"]
[Date "2017.01.17"]
[Round "5"]
[White "Sapale, Saloni"]
[Black "Alvarez Marquez, Johan"]
[Result "1/2-1/2"]
[WhiteElo "2141"]
[BlackElo "2404"]
[PlyCount "95"]
[EventDate "2017.01.13"]
[EventType "swiss"]
[EventRounds "9"]
[EventCountry "ESP"]
[SourceTitle "EXT 2019"]
[Source "ChessBase"]
[SourceDate "2018.10.10"]
[SourceVersion "1"]
[SourceVersionDate "2018.10.10"]
[SourceQuality "1"]

1. e4 c5 2. Nf3 d6 3. d4 cxd4 4. Nxd4 Nf6 5. Nc3 a6 6. Be3 e5 7. Nb3 Be6 8. f3 Nbd7 9. Qd2 Be7 10. g4 0-0 11. 0-0-0 b5 12. g5 b4 13. Ne2 Ne8 14. f4 a5 15. f5 a4 16. fxe6 axb3 17. cxb3 fxe6 18. Bh3 Rxa2 19. Bxe6+ Kh8 20. Bc4 Nc7 21. Ng3 Qa8 22. Rhf1 Ra1+ 23. Kc2 Rxf1 24. Rxf1 Rxf1 25. Bxf1 d5 26. h4 d4 27. Bf2 Ne6 28. Bc4 Qc6 29. Kb1 Nb6 30. Bxe6 Qxe6 31. Qd3 g6 32. Qb5 Nd7 33. Ne2 Kg7 34. Be1 Nc5 35. Bxb4 Nxe4 36. Bxe7 Qxe7 37. Qd5 Nd6 38. b4 Nf7 39. b5 Qd6 40. Qc4 h6 41. gxh6+ Nxh6 42. Qd3 Nf5 43. h5 Qb4 44. hxg6 e4 45. Qh3 Nh6 46. Nf4 Qxb5 47. Ne6+ Kxg6 48. Nxd4 1/2-1/2

[Event "Basel op"]
[Site "Basel"]
[Date "2017.01.05"]
[Round "5"]
[White "Alvarez Marquez, Johan"]
[Black "Heimann, Andreas"]
[Result "1/2-1/2"]
[WhiteElo "2404"]
[BlackElo "2603"]
[PlyCount "117"]
[EventDate "2017.01.02"]
[EventType "swiss"]
[EventRounds "9"]
[EventCountry "SUI"]
[SourceTitle "CBM 176 Extra"]
[Source "ChessBase"]
[SourceDate "2017.03.02"]
[SourceVersion "1"]
[SourceVersionDate "2017.03.02"]
[SourceQuality "1"]

1. d4 Nf6 2. c4 g6 3. Nc3 d5 4. Nf3 Bg7 5. e3 0-0 6. Qb3 dxc4 7. Bxc4 c5 8. dxc5 Qa5 9. 0-0 Qxc5 10. Bd2 Nc6 11. Qb5 Qf5 12. Bd3 Qxb5 13. Bxb5 Rd8 14. Rfd1 Bd7 15. Be1 a6 16. Be2 Bf5 17. Rac1 h6 18. Kf1 g5 19. h3 Rac8 20. Rxd8+ Rxd8 21. Rd1 Rxd1 22. Bxd1 Ne4 23. Nxe4 Bxe4 24. Bc3 Bxc3 25. bxc3 Na5 26. h4 Bd5 27. hxg5 hxg5 28. Nxg5 Bxa2 29. Ne4 b6 30. Nd2 Nc4 31. Ke2 Nb2 32. Bb3 Bxb3 33. Nxb3 f6 34. Kd2 Kf7 35. Kc2 Nc4 36. Kd3 Ne5+ 37. Kd4 Ke6 38. c4 Nc6+ 39. Kd3 Ne5+ 40. Kd4 Nc6+ 41. Kd3 Kd6 42. f4 f5 43. e4 e6 44. exf5 exf5 45. Kc3 a5 46. c5+ bxc5 47. Kc4 a4 48. Nxc5 Na5+ 49. Kb4 Nc6+ 50. Kc4 Na5+ 51. Kb4 a3 52. Nb3 Nxb3 53. Kxb3 Kd5 54. Kxa3 Ke4 55. Kb4 Kxf4 56. Kc5 Kg3 57. Kd5 Kxg2 58. Ke5 f4 59. Kxf4 1/2-1/2

[Event "Caracas Banco del Alba 1st"]
[Site "Caracas"]
[Date "2014.04.29"]
[Round "8"]
[White "Alvarez Marquez, Johan"]
[Black "Ynojosa Aponte, Felix Jose"]
[Result "1/2-1/2"]
[WhiteElo "2410"]
[BlackElo "2455"]
[PlyCount "116"]
[EventDate "2014.04.25"]
[EventType "tourn"]
[EventRounds "9"]
[EventCountry "VEN"]
[EventCategory "8"]
[SourceTitle "CBM 160 Extra"]
[Source "ChessBase"]
[SourceDate "2014.07.01"]
[SourceVersion "1"]
[SourceVersionDate "2014.07.01"]
[SourceQuality "1"]

1. d4 Nf6 2. c4 e6 3. Nc3 Bb4 4. e3 b6 5. Nge2 Bb7 6. a3 Bxc3+ 7. Nxc3 d5 8. Be2 0-0 9. 0-0 Nbd7 10. b3 Ne4 11. Bb2 f5 12. f3 Nxc3 13. Bxc3 Nf6 14. a4 Qe7 15. a5 Rfd8 16. Qc2 Bc6 17. axb6 axb6 18. Rxa8 Rxa8 19. Ra1 Rxa1+ 20. Bxa1 dxc4 21. bxc4 Qa3 22. Bc3 Kf7 23. Qb2 Qxb2 24. Bxb2 Bb7 25. h3 Ke7 26. Ba3+ Kd7 27. g4 c6 28. Kf2 Ba6 29. Bd3 g6 30. e4 fxe4 31. fxe4 e5 32. Bb2 exd4 33. Bxd4 Ne8 34. Be5 c5 35. Ke3 Nd6 36. Bxd6 Kxd6 37. Kf4 h6 38. g5 hxg5+ 39. Kxg5 Ke5 40. Kxg6 Kd4 41. Bf1 Bxc4 42. Bxc4 Kxc4 43. e5 Kd5 44. Kf6 c4 45. e6 c3 46. e7 c2 47. e8Q c1Q 48. Qe6+ Kd4 49. Qxb6+ Ke4 50. Qe6+ Kf3 51. Qg4+ Kf2 52. h4 Qh6+ 53. Kf5 Qf8+ 54. Ke5 Qc5+ 55. Ke4 Qc4+ 56. Kf5 Qc8+ 57. Kg5 Qg8+ 58. Kf4 Qc4+ 1/2-1/2

[Event "Caracas Banco del Alba 1st"]
[Site "Caracas"]
[Date "2014.04.26"]
[Round "3"]
[White "Alvarez Marquez, Johan"]
[Black "Rakhmanov, Alexander"]
[Result "1/2-1/2"]
[WhiteElo "2410"]
[BlackElo "2610"]
[PlyCount "75"]
[EventDate "2014.04.25"]
[EventType "tourn"]
[EventRounds "9"]
[EventCountry "VEN"]
[EventCategory "8"]
[SourceTitle "CBM 160 Extra"]
[Source "ChessBase"]
[SourceDate "2014.07.01"]
[SourceVersion "1"]
[SourceVersionDate "2014.07.01"]
[SourceQuality "1"]

1. d4 d5 2. Nf3 e6 3. c4 Bb4+ 4. Bd2 Qe7 5. e3 Bxd2+ 6. Nbxd2 Nf6 7. Qc2 c6 8. Bd3 dxc4 9. Nxc4 Qb4+ 10. Ke2 Nbd7 11. Rhc1 Qe7 12. e4 Kf8 13. Kf1 Nb6 14. Nce5 Nbd7 15. Qc3 Nxe5 16. Nxe5 Bd7 17. b4 Be8 18. a4 a6 19. b5 axb5 20. axb5 Rxa1 21. Rxa1 cxb5 22. Ra8 g6 23. d5 exd5 24. exd5 Kg7 25. Qd4 Qd6 26. Ng4 h5 27. Nxf6 Qxf6 28. Qxf6+ Kxf6 29. Ke1 Kg7 30. Rd8 f5 31. Kd2 Bf7 32. Rd7 b4 33. Ke3 Rb8 34. Kd4 b5 35. Kc5 b3 36. Kb4 Rc8 37. Kxb3 Rc5 38. Kb4 1/2-1/2

[Event "San Cristobal Bolivar op 1st"]
[Site "San Cristobal"]
[Date "2012.09.25"]
[Round "1"]
[White "Martinez, Julian"]
[Black "Alvarez Marquez, Johan"]
[Result "1/2-1/2"]
[WhiteElo "2167"]
[BlackElo "2400"]
[PlyCount "136"]
[EventDate "2012.09.25"]
[EventType "swiss"]
[EventRounds "10"]
[EventCountry "VEN"]
[SourceTitle "EXT 2013"]
[Source "ChessBase"]
[SourceDate "2012.11.22"]
[SourceVersion "1"]
[SourceVersionDate "2012.11.22"]
[SourceQuality "1"]

1. d4 Nf6 2. Nf3 e6 3. g3 d5 4. Bg2 c6 5. b3 Be7 6. 0-0 0-0 7. Nbd2 b6 8. Bb2 Bb7 9. Re1 c5 10. e3 Nbd7 11. Ne5 Qc7 12. Ndf3 Nxe5 13. Nxe5 b5 14. a4 b4 15. c4 bxc3 16. Bxc3 Ne4 17. Bxe4 dxe4 18. dxc5 Bxc5 19. Rc1 Qe7 20. Qd7 f6 21. Qxe7 Bxe7 22. Nc4 Bd5 23. Nd2 Rfc8 24. Ba5 Ba3 25. Rxc8+ Rxc8 26. Ra1 Bd6 27. Kf1 Kf7 28. Ke1 h5 29. Rb1 Kg6 30. Kf1 h4 31. Kg2 Kf5 32. Rd1 Ba3 33. Ra1 Bb2 34. Rb1 Be5 35. Rd1 g5 36. Rb1 Rc2 37. Kh3 Rc8 38. Kg2 Rc2 39. Kh3 hxg3 40. hxg3 Bb2 41. Rd1 Bc3 42. Bxc3 Rxc3 43. Rb1 Rc2 44. Rd1 Rb2 45. Kg2 Kg4 46. a5 a6 47. Nc4 Rxb3 48. Rd4 Rc3 49. Nd6 Rc2 50. Nf7 Ra2 51. Nd6 f5 52. Ne8 f4 53. Nf6+ Kf5 54. Nxd5 exd5 55. gxf4 gxf4 56. Rxd5+ Ke6 57. Rd4 Ke5 58. Kg1 Rxa5 59. Rd8 Ra1+ 60. Kg2 f3+ 61. Kh2 Rf1 62. Re8+ Kd5 63. Rd8+ Kc5 64. Kg3 Re1 65. Kf4 Rf1 66. Rd2 Re1 67. Kxe4 Re2 68. Rd5+ Kc6 1/2-1/2

[Event "Gibraltar Masters 10th"]
[Site "Caleta"]
[Date "2012.01.31"]
[Round "8"]
[White "Berg, Emanuel"]
[Black "Alvarez Marquez, Johan"]
[Result "1/2-1/2"]
[WhiteElo "2550"]
[BlackElo "2398"]
[PlyCount "87"]
[EventDate "2012.01.24"]
[EventType "swiss"]
[EventRounds "10"]
[EventCountry "GGB"]
[SourceTitle "CBM 147"]
[Source "ChessBase"]
[SourceDate "2012.03.16"]
[SourceVersion "1"]
[SourceVersionDate "2012.03.16"]
[SourceQuality "1"]

1. e4 c5 2. Nf3 d6 3. d4 cxd4 4. Nxd4 Nf6 5. Nc3 a6 6. Bg5 e6 7. f4 Qc7 8. Bxf6 gxf6 9. Qd3 Nc6 10. Be2 h5 11. 0-0-0 Bd7 12. Kb1 Nxd4 13. Qxd4 Be7 14. Rhf1 Qc5 15. Qd3 Rc8 16. Qg3 b5 17. Qg7 Rf8 18. e5 b4 19. exf6 bxc3 20. fxe7 Kxe7 21. f5 Qb4 22. b3 Qa3 23. Qg5+ f6 24. Qc1 Qxc1+ 25. Kxc1 e5 26. a4 Bc6 27. Bxa6 Ra8 28. Bc4 Bxa4 29. Rf3 Bc6 30. Rxc3 Ra1+ 31. Kd2 Rxd1+ 32. Kxd1 d5 33. Be2 Kd6 34. Rg3 d4 35. c3 Be4 36. cxd4 exd4 37. Bd3 Kd5 38. Bxe4+ Kxe4 39. Rh3 Ra8 40. Rh4+ Kd3 41. Rh3+ Ke4 42. Rh4+ Kd3 43. Rh3+ Ke4 44. Rh4+ 1/2-1/2

[Event "Gibraltar Masters 10th"]
[Site "Caleta"]
[Date "2012.01.30"]
[Round "7"]
[White "Alvarez Marquez, Johan"]
[Black "Muzychuk, Anna"]
[Result "1/2-1/2"]
[WhiteElo "2398"]
[BlackElo "2580"]
[PlyCount "70"]
[EventDate "2012.01.24"]
[EventType "swiss"]
[EventRounds "10"]
[EventCountry "GGB"]
[SourceTitle "CBM 147"]
[Source "ChessBase"]
[SourceDate "2012.03.16"]
[SourceVersion "1"]
[SourceVersionDate "2012.03.16"]
[SourceQuality "1"]

1. d4 Nf6 2. c4 e6 3. Nc3 Bb4 4. Qc2 0-0 5. a3 Bxc3+ 6. Qxc3 d5 7. Bg5 c5 8. cxd5 cxd4 9. Qxd4 Nc6 10. Qh4 exd5 11. Bxf6 gxf6 12. e3 d4 13. Bd3 f5 14. Nf3 Qxh4 15. Nxh4 Re8 16. 0-0 dxe3 17. fxe3 Rxe3 18. Rad1 Ne7 19. Bxf5 Bxf5 20. Nxf5 Nxf5 21. Rxf5 Rae8 22. Rd7 R8e7 23. Rxe7 Rxe7 24. Kf2 Kg7 25. b4 Rc7 26. g4 Kg6 27. h4 Rc2+ 28. Kg3 Rc3+ 29. Rf3 Rxf3+ 30. Kxf3 f5 31. a4 fxg4+ 32. Kxg4 h5+ 33. Kf4 Kf6 34. Ke4 Ke6 35. Kf4 Kf6 1/2-1/2

[Event "Gibraltar Masters 10th"]
[Site "Caleta"]
[Date "2012.01.24"]
[Round "1"]
[White "Alvarez Marquez, Johan"]
[Black "Bologan, Viktor"]
[Result "0-1"]
[WhiteElo "2398"]
[BlackElo "2680"]
[PlyCount "70"]
[EventDate "2012.01.24"]
[EventType "swiss"]
[EventRounds "10"]
[EventCountry "GGB"]
[SourceTitle "CBM 147"]
[Source "ChessBase"]
[SourceDate "2012.03.16"]
[SourceVersion "1"]
[SourceVersionDate "2012.03.16"]
[SourceQuality "1"]

1. d4 Nf6 2. c4 Nc6 3. Nf3 e6 4. a3 g6 5. Nc3 Bg7 6. d5 Ne7 7. e4 0-0 8. Bd3 d6 9. h3 Nd7 10. Bg5 Nc5 11. Bc2 a5 12. 0-0 Bd7 13. Re1 a4 14. e5 Ra6 15. exd6 cxd6 16. dxe6 fxe6 17. Nd5 Rf7 18. Nxe7+ Rxe7 19. Nd4 Qf8 20. Bxe7 Qxe7 21. Rb1 Qf6 22. Nb5 Qf4 23. g3 Qf8 24. Nc3 Bxc3 25. bxc3 Bc6 26. Re3 e5 27. h4 Ra8 28. Qg4 Re8 29. f4 e4 30. Rd1 Re6 31. Qg5 Kg7 32. Rd2 Rf6 33. Rf2 h5 34. g4 Ne6 35. Qa5 Rxf4 0-1

[Event "Olympiad-39"]
[Site "Khanty-Mansiysk"]
[Date "2010.10.01"]
[Round "10.2"]
[White "Alvarez Marquez, Johan"]
[Black "Agopov, Mikael"]
[Result "0-1"]
[WhiteElo "2414"]
[BlackElo "2419"]
[PlyCount "110"]
[EventDate "2010.09.21"]
[EventType "team-swiss"]
[EventRounds "11"]
[EventCountry "RUS"]
[SourceTitle "CBM 139"]
[Source "ChessBase"]
[SourceDate "2010.11.18"]
[SourceVersion "1"]
[SourceVersionDate "2010.11.18"]
[SourceQuality "1"]
[WhiteTeam "Venezuela"]
[BlackTeam "Finland"]
[WhiteTeamCountry "VEN"]
[BlackTeamCountry "FIN"]

1. d4 Nf6 2. c4 g6 3. Nc3 d5 4. cxd5 Nxd5 5. Bd2 Bg7 6. e4 Nb6 7. Be3 0-0 8. h3 Nc6 9. Nf3 f5 10. exf5 gxf5 11. Qd2 f4 12. Bxf4 Nxd4 13. 0-0-0 c5 14. Ne5 Qd6 15. Bh2 Bf5 16. f4 Qe6 17. Bd3 Bxe5 18. fxe5 Nc4 19. Bxc4 Qxc4 20. e6 Rad8 21. Rhf1 b5 22. Be5 Nxe6 23. Qh6 b4 24. g4 bxc3 25. gxf5 cxb2+ 26. Kxb2 Qe2+ 27. Ka3 Rd3+ 28. Rxd3 Qxd3+ 29. Kb2 Qe2+ 30. Ka3 Qxe5 31. Qxe6+ Qxe6 32. Rg1+ Kf7 33. fxe6+ Kxe6 34. Rg5 Kd6 35. Rh5 Rb8 36. Rxh7 c4 37. Rg7 Rb1 38. Rg8 Kd5 39. h4 e5 40. h5 Rh1 41. Rh8 Kd4 42. h6 Kc3 43. h7 Rh6 44. Ka4 Kc2 45. Kb5 c3 46. Kc4 Rh4+ 47. Kd5 e4 48. Rg8 Rxh7 49. Kxe4 Rd7 50. Ke3 Kb2 51. Rb8+ Kxa2 52. Ke2 c2 53. Rc8 Kb2 54. Rb8+ Kc1 55. Rh8 Rb7 0-1